banner-ar

Color Atlas of Cardiovascular Disease / (Record no. 63298)

MARC details
000 -الفاتح
حقل البيانات ثابتة الطول 00622nam a22002057a 4500
005 - وقت وتاريخ اخر تعامل مع التسجيلة
رقم الضبط 20240530110633.0
008 - عناصر البيانات ثابتة الطول - معلومات عامة
حقل البيانات ثابتة الطول 170912s2015 uk h f b 000 0 eng d
020 ## - الرقم الدولى المعيارى للكتب
الرقم الدولى المعيارى للكتاب 9789351522447
040 ## - مصدر الفهرسة
وكالة الفهرسة الأصلية EG-CaGPL
082 04 - رقم تصنيف ديوى العشرى
رقم الطبعة 21
رقم التصنيف 618.92
رقم المادة LG
100 1# - المدخل الرئيسى - إسم شخصى
الإسم الشخصى Levine, Glenn N
245 10 - بيان العنوان
العنوان Color Atlas of Cardiovascular Disease /
بيان المسئوليه,etc Glenn N Levine
260 ## - PUBLICATION, DISTRIBUTION, ETC. (IMPRINT)
تاريخ النشر أو التوزيع 2015.
300 ## - الوصف المادى
التعداد 1023 p. :
تفاصيل ماديه اخرى للوعاء ill ؛
أبعاد الوعاء 20 cm.
504 ## - تبصرة ببليوجرافية
تبصرة ببليوجرافية,الخ Includes bibliographical references
650 00 - المدخل الاضافى بالموضوع-مصطلح موضوعى
مصطلح موضوعي DISEASES
650 00 - المدخل الاضافى بالموضوع-مصطلح موضوعى
مصطلح موضوعي MEDICAL BOOK
942 ## - عناصر المدخل الإضافي( كوها)
مصدر التصنيف او مخطط الترفيف Dewey Decimal Classification
Koha [default] item type كتاب
260 ## - PUBLICATION, DISTRIBUTION, ETC. (IMPRINT)
-- London :
-- The Health Sciences Publisher ,
Holdings
حالة التراجع حالة الفقد حالة تلف ليس للاعارة المكان المؤقت الموقع الحالى موقع الترفيف تاريخ الاكتساب اجمالي اﻻعارات رقم الطلب الباركود تاريخ اخر مشاهدة تاريخ تفعيل السعر نوع وعاء كوها
        مكتبة القاهرة الكبرى مكتبة القاهرة الكبرى   09/12/2017   618.92 LG 163281 09/12/2017 09/12/2017 كتاب

Powered By

EGPV